Problems of employment related to the conversion

Gespeichert in:
Bibliographische Detailangaben
1. Verfasser: Staněk, Peter
Format: Buchkapitel
Sprache:Englisch
Tags: Tag hinzufügen
Keine Tags, Fügen Sie das erste Tag hinzu!

MARC

LEADER 00000naa$a2200000$$$4500
001 0146262
005 20220524133215.4
041 0 |a eng 
044 |a SK 
245 1 0 |a Problems of employment related to the conversion  |c Peter Staněk 
100 1 |a Staněk, Peter